[Event "Amazons Pride Blitz Final"]
[Site "Chess.com INT"]
[Date "2021.10.23"]
[Round "1.3"]
[White "Bivol, Alina"]
[Black "Gevorgyan, Maria"]
[Result "1-0"]
[WhiteElo "2392"]
[BlackElo "2218"]
[PlyCount "69"]
[EventDate "2021.10.23"]
[EventType "k.o. (blitz)"]
[EventRounds "3"]
[EventCountry "USA"]
[SourceTitle "CBM 204 Extra"]
[Source "ChessBase"]
[SourceDate "2021.11.30"]
[SourceVersion "1"]
[SourceVersionDate "2021.11.30"]
[SourceQuality "1"]

1. Nf3 c6 2. e4 d5 3. exd5 cxd5 4. d4 g6 5. g3 Bg7 6. Bg2 Nf6 7. 0-0 0-0 8. c3 Nc6 9. Re1 Re8 10. Bf4 b6 11. Ne5 Ba6 12. Nxc6 Qd7 13. Ne5 Qc8 14. Nd2 Nd7 15. Nxd7 Qxd7 16. Be5 f6 17. Bf4 e5 18. dxe5 fxe5 19. Be3 Rad8 20. Qb3 Bb7 21. Rad1 Kh8 22. Bg5 Rc8 23. Nf3 e4 24. Nd4 Ba6 25. Qc2 Bd3 26. Qd2 Rf8 27. Be3 Qa4 28. b3 Qd7 29. Bf1 Bxf1 30. Rxf1 Qg4 31. Kg2 Rf3 32. h3 Qh5 33. Nxf3 exf3+ 34. Kh2 Bxc3 35. Qxd5 1-0

[Event "Amazons Pride Blitz Final"]
[Site "Chess.com INT"]
[Date "2021.10.23"]
[Round "1.5"]
[White "Bivol, Alina"]
[Black "Gevorgyan, Maria"]
[Result "1-0"]
[WhiteElo "2392"]
[BlackElo "2218"]
[PlyCount "95"]
[EventDate "2021.10.23"]
[EventType "k.o. (blitz)"]
[EventRounds "3"]
[EventCountry "USA"]
[SourceTitle "CBM 204 Extra"]
[Source "ChessBase"]
[SourceDate "2021.11.30"]
[SourceVersion "1"]
[SourceVersionDate "2021.11.30"]
[SourceQuality "1"]

1. e4 c5 2. Nf3 Nc6 3. Bb5 g6 4. 0-0 Bg7 5. c3 Nf6 6. Re1 0-0 7. d4 cxd4 8. cxd4 d6 9. Nc3 Nd7 10. Be3 a6 11. Bf1 b5 12. a3 Bb7 13. Rc1 Rc8 14. Nd5 e6 15. Nc3 f5 16. exf5 exf5 17. d5 Nce5 18. Bg5 Qb6 19. Be3 Qd8 20. Nd4 f4 21. Ne6 Qf6 22. Bxf4 Rf7 23. Ne4 Qf5 24. Nxd6 Qf6 25. Nxf7 Qxf7 26. Rxc8+ Bxc8 27. Bg3 Bb7 28. a4 h6 29. axb5 axb5 30. Bxb5 h5 31. Nd8 Qxd5 32. Qxd5+ Bxd5 33. b4 Bf6 34. Bxd7 Nxd7 35. Ne6 Bc3 36. Rc1 Bxb4 37. Nf4 Bf7 38. h4 Nf6 39. Rc7 Bd6 40. Ra7 Bc5 41. Rb7 Ne4 42. Nd3 Bf8 43. Be5 Bg7 44. Bxg7 Kxg7 45. Ne5 Nd6 46. Rd7 Kf8 47. Rxd6 Ke7 48. Nxf7 1-0

[Event "Amazons Pride Blitz"]
[Site "Chess.com INT"]
[Date "2021.10.23"]
[Round "4"]
[White "Gevorgyan, Maria"]
[Black "Kovanova, Baira"]
[Result "1-0"]
[WhiteElo "2218"]
[BlackElo "2331"]
[PlyCount "159"]
[EventDate "2021.10.23"]
[EventType "swiss (blitz)"]
[EventRounds "9"]
[EventCountry "USA"]
[SourceTitle "CBM 204 Extra"]
[Source "ChessBase"]
[SourceDate "2021.11.30"]
[SourceVersion "1"]
[SourceVersionDate "2021.11.30"]
[SourceQuality "1"]

1. e4 e5 2. Nf3 d6 3. d4 exd4 4. Nxd4 Nf6 5. Nc3 Be7 6. Bd3 0-0 7. 0-0 Re8 8. Re1 h6 9. h3 Bf8 10. Nf3 Nbd7 11. Bf4 Nc5 12. Bc4 Be6 13. Bxe6 Nxe6 14. Bh2 Nc5 15. Qd2 Ncxe4 16. Nxe4 Nxe4 17. Qd5 c6 18. Qb3 Qb6 19. Re3 d5 20. Ne5 Bc5 21. Qxb6 axb6 22. Rf3 f6 23. Nd3 b5 24. Nxc5 Nxc5 25. Kf1 Ne4 26. Rd3 Re7 27. a3 Kf7 28. f3 Nc5 29. Rdd1 Na4 30. b3 Nb6 31. Bg1 Nd7 32. Bh2 Ne5 33. Rd2 b4 34. a4 b5 35. Rd4 bxa4 36. Rxb4 a3 37. Bg1 Rc7 38. f4 Nd7 39. Ra4 Re8 40. R4xa3 Re4 41. g3 Ke6 42. Ra7 Rxa7 43. Rxa7 Kd6 44. c3 Re8 45. b4 Re4 46. Bd4 Re8 47. Kf2 g5 48. Ra6 Rb8 49. fxg5 hxg5 50. Kf3 Kc7 51. Kg4 Re8 52. Ra7+ Kd6 53. Ra6 Kc7 54. Ra2 Re4+ 55. Kf5 Re1 56. Kg6 Rh1 57. Ra7+ Kd6 58. Ra6 Kc7 59. Bxf6 Nxf6 60. Kxf6 Rxh3 61. g4 Rxc3 62. Kxg5 Rc4 63. Kf5 Rxb4 64. g5 Rb1 65. g6 Rf1+ 66. Ke6 Re1+ 67. Kf7 Rf1+ 68. Ke6 Re1+ 69. Kf6 Rf1+ 70. Kg7 Rg1 71. Ra4 Kd6 72. Kf7 c5 73. g7 d4 74. Ra6+ Ke5 75. Rg6 Rf1+ 76. Ke7 Ra1 77. Re6+ Kf5 78. g8Q Ra7+ 79. Kd6 Ra6+ 80. Kd5 1-0